000 00744nam a2200277Ia 4500
003 OSt
005 20221006153350.0
006 a|||||r|||| 00| 0
007 ta
008 221006b |||||||| |||| 00| 0 eng d
020 _a9789576717901
024 _a32,125
037 _cTextual
040 _aEASL
_cEASL
_beng
041 _2eng
_aeng
082 _aP4295,3:4k, P1
100 _aLI Pocul Jen-kuei
_9663567
245 0 _aPazih dictionary
260 _aTaipei
_bTaipei Instt. of Linguage
_c2001
300 _a391p.
_ccm.
490 _v CL
650 _aCL
_9642733
700 _a TSUCHIDA Shigeru
_9663568
942 _hP4295,3:4k, P1
_cTEXL
_2CC
999 _c1100211
_d1100211